Vänsterpartiet Partiledare - Statistics

General Stats
  • This quiz has been taken 8 times
  • The average score is 5 of 12
Answer Stats
Hint Answer % Correct
2012-2020 Jonas Sjöstedt
100%
2020-Idag Nooshi Dadgostar
100%
1964-1975 C.H Hermansson
50%
1993-2003 Gudrun Schyman
50%
2004-2012 Lars Ohly
50%
1975-1993 Lars Werner
50%
2003-2004 Ulla Hoffman
50%
1951-1964 Hilding Hagberg
0%
1918-1929(i omgångar Karl Kilblom
0%
1924-1929 Nils Flyg
0%
1929-1951 Sven Linderot
0%
1917-1924(i omgångar) Zeth Höglund
0%
No matching quizzes found
Score Distribution
Percent of People with Each Score
Percentile by Number Answered
Your Score History
You have not taken this quiz